00710nam a2200229 a 4500001001300000003000900013005001700022008004100039020002300080082001600103100001900119245007300138260003600211300000900247500003500256650002100291700001900312902000800331942000700339952011700346999001700463nice12345678IN_TiNIC20260116014618.0070416s2005 newa grp 000 0 eng  a8173046395 c95000a954.16bBAR aBarua, Alokesh aIndian`s North-East Developmental Issues in a Historical Perspective aNew Delhi bManohar Pub. c2005 a474p aincludes index and biblioraphy aIndia-North East1 aBarua, Alokesh bSRS cBK 001040708StackRoom-aHMIbHMId2012-02-24g950.00l0o954.16 BARp021493r2012-02-24v950.00w2007-04-16yBK c16228d16228